Представление документа в формате RUSMARC

ПолеНазваниеЗначение
  Тип записи a
  Библиографический уровень m
001 Контрольный номер 269fd6ff6e6f4623ab8225e291ee5155
005 Дата корректировки 20140526192701.3
010 Индекс ISBN __
a ISBN 978-5-91730-162-4
101 Язык документа 0_
a Язык текста rus
102 Страна публикации __
a Страна публикации RU
200 Заглавие и сведения об ответственности 1_
a Заглавие Кооперативная наука и образование на службе общества и государства: проблемы международного взаимодействия
e Сведения, относящиеся к заглавию материалы Междунар. науч. конф. профес.-преподават. сост., сотр. и аспирантов Рос. ун-та кооп.
f Первые сведения об ответственности АНО ВПО ЦС РФ РУК. Юбил. Междунар. науч.-практ. конф., посвящ. 100-летию Рос. ун-та кооп.
210 Выходные данные 1_
c Издательство Канцлер
a Место издания Москва
x Ярославль
d Дата издания 2012
215 Физическое описание __
a Объем 802, [2] с.
610 Ключевые слова 0_
a Ключевые слова материалы конференции
610 Ключевые слова 0_
a Ключевые слова сборник тезисов
610 Ключевые слова 0_
a Ключевые слова 100-летие
610 Ключевые слова 0_
a Ключевые слова кооперативная наука
610 Ключевые слова 0_
a Ключевые слова образование
610 Ключевые слова 0_
a Ключевые слова общество
610 Ключевые слова 0_
a Ключевые слова государство
610 Ключевые слова 0_
a Ключевые слова международное взаимодействие
686 Индексы других классификаций __
a Классификационный индекс 65.9(2)421.8
2 Код системы rubbk
686 Индексы других классификаций __
a Классификационный индекс 74.58я431
2 Код системы rubbk
711 Наименование организации. (Альтернативная ответственность) 02
a Организация/ юрисдикция АНО ВПО ЦС РФ РУК
801 Источник записи _0
a Страна RU
b Организация РУК
c Дата составления 20121206
g Правила каталогизации PSBO
801 Источник записи _1
a Страна RU
b Организация РУК
c Дата составления 20121206
g Правила каталогизации PSBO
852 Данные о местонахождении __
i Авторский знак К 65
j Шифр хранения ББК 65.9(2)421.8
901 Тип документа __
t Тип документа m
912 Принадлежность преподавателя к РУК __
a Принадлежность преподавателя к РУК Преподаватель Головного вуза
938 Служебная информация __
a Название организации Головной вуз
b Имя БД BOOK
c Название АИБС АИБС ИРБИС
952 Тип литературы __
b Гриф литературы для ВШ гриф
c Вид литературы учебник
972 __
a Юбил. Междунар. науч.-практ. конф., посвящ. 100-летию Рос. ун-та кооп.